书目信息 |
| 题名: |
珍珠
|
|
| 作者: | 郭守国 主编 | |
| 分册: | ||
| 出版信息: | 上海 上海文化出版社 2004 |
|
| 页数: | 239页 | |
| 开本: | 21cm | |
| 丛书名: | ||
| 单 册: | ||
| 中图分类: | S966.23 | |
| 科图分类: | ||
| 主题词: | 珍珠--基本知识 | |
| 电子资源: | ||
| ISBN: | 7-80646-664-9 | |
| 000 | 01452nam0 2200313 450 | |
| 000 | 01415nam0 2200301 450 | |
| 000 | 01385nam0 2200301 450 | |
| 000 | 01331nam0 2200277 450 | |
| 000 | 01327nam0 2200265 450 | |
| 000 | 01290nam0 2200253 45 | |
| 001 | TS2006036557 | |
| 005 | 20061207160128.09 | |
| 010 | @a7-80646-664-9@dCNY48.00 | |
| 100 | @a20060829d2004 ekmy0chiy0120 ea | |
| 101 | 0 | @achi |
| 102 | @aCN@b310000 | |
| 105 | @aa z 000yy | |
| 200 | 1 | @a珍珠@AZhen Zhu@e成功与华贵的象征@ECheng Gong Yu Hua Gui De Xiang Zheng@f郭守国主编@FGuo Shou Guo Zhu Bian |
| 210 | @a上海@c上海文化出版社@d2004 | |
| 215 | @a239页@c彩图@d21cm | |
| 330 | @a珍珠始终伴随着人类文明的进程,是人类文化和历史的见证。珍珠早已成为人们生活中不可或缺的一部分。对于珍珠的形成原因、成分结构、物化性质、质量品质的发现与认识,对于珍珠的鉴别欣赏、选购佩戴、生物药用、加工工艺等奥妙的揭示与应用也是当今高度发展的社会文明的一项重要标志。化东理工大学宝石检测中心珍珠科研项目组经过多年的系统研究,在珍珠的养殖、加工与改善以及珍珠的生物医药等方面做了大量的工作,取得了一些成果,本书是这些科研成果的一次集中展示。 | |
| 517 | 1 | @a成功与华贵的象征@ACheng Gong Yu Hua Gui De Xiang Zheng |
| 606 | 0 | @a珍珠@x基本知识 |
| 690 | @aS966.23@v4 | |
| 701 | 0 | @a郭守国@AGuo Shou Guo@4主编 |
| 801 | 0 | @aCN@b中图数据@c20061207 |
| 905 | @a10447@dS966.23@e24 | |
| 珍珠:成功与华贵的象征/郭守国主编.-上海:上海文化出版社,2004 |
| 239页:彩图;21cm |
| ISBN 7-80646-664-9:CNY48.00 |
| 珍珠始终伴随着人类文明的进程,是人类文化和历史的见证。珍珠早已成为人们生活中不可或缺的一部分。对于珍珠的形成原因、成分结构、物化性质、质量品质的发现与认识,对于珍珠的鉴别欣赏、选购佩戴、生物药用、加工工艺等奥妙的揭示与应用也是当今高度发展的社会文明的一项重要标志。化东理工大学宝石检测中心珍珠科研项目组经过多年的系统研究,在珍珠的养殖、加工与改善以及珍珠的生物医药等方面做了大量的工作,取得了一些成果,本书是这些科研成果的一次集中展示。 |
| ● |
| 相关链接 |
|
|
|
|
正题名:珍珠
索取号:S966.23/24
 
预约/预借
| 序号 | 登录号 | 条形码 | 馆藏地/架位号 | 状态 | 备注 |
| 1 | 0612545 | 206125450 | 第二样本阅览室/ [索取号:S966.23/24] | 在馆 | |
| 2 | 0612546 | 206125469 | 第三借阅区/ [索取号:S966.23/24] | 在馆 | |
| 3 | 0612547 | 206125478 | 第三借阅区/ [索取号:S966.23/24] | 在馆 |